European Prog-Power metal - Statistics

General Stats
  • This quiz has been taken 13 times
  • The average score is 7 of 20
Answer Stats
Hint Answer % Correct
Year album Keeper of the Seven Keys: Part 2 was released 1988
100%
They searched for the Emerald Sword Rhapsody
83%
Finnish band with Tony Kakko as the singer Sonata Arctica
83%
Band which released "Imaginations from the Other Side" Blind Guardian
75%
Pagan's Mind country of origin Norway
75%
They released Blackwater Park and Ghost Reveries Opeth
75%
Mastermind of Ayreon Arjen Lucassen
58%
"Through the Fire and Flames" guitar shredder Herman Li
50%
Swedish band thought to be originator of djent Meshuggah
33%
Dust to Dust is an album by this French band Heavenly
25%
Christofer Johnsson formed this symphonic band Therion
17%
Michele Luppi and Fabio Lione used to sing for this band Vision Divine
17%
Type of King as played by Haken Cockroach King
8%
Danish band formed by Finn Zierler Beyond Twilight
0%
Keyboardist for Malmsteen, Stratovarius, etc. Jens Johansson
0%
"Silent Room" band Nightmare
0%
British band Arriving Somewhere but Not Here Porcupine Tree
0%
Founder of Adagio Stéphan Forté
0%
Debut Circus Maximus album The 1st Chapter
0%
They wrote a "Postcard to God" Vanden Plas
0%
No matching quizzes found
Score Distribution
Percent of People with Each Score
Percentile by Number Answered
Your Score History
You have not taken this quiz